Antagonistic activity of selected marine-derived streptomyces spp. against plesiomonas shigelloides /
Saved in:
| Main Author: | |
|---|---|
| Format: | Thesis Book |
| Language: | English |
| Published: |
2010.
|
| Subjects: | |
| Online Access: | http://studentsrepo.um.edu.my/id/eprint/4290 |
| Tags: |
Add Tag
No Tags, Be the first to tag this record!
|
| LEADER | 01105cam a2200265 a 4500 | ||
|---|---|---|---|
| 001 | u796873 | ||
| 003 | SIRSI | ||
| 005 | 201009081542 | ||
| 008 | 100908s2010 my a t 000 0 eng m | ||
| 040 | |a UMM |d AUM |e rda | ||
| 090 | |a TP248.15 |b UM 2010 Klo | ||
| 100 | 1 | |a Kloni, Angelyn Melaya. | |
| 245 | 1 | 0 | |a Antagonistic activity of selected marine-derived streptomyces spp. against plesiomonas shigelloides / |c Angelyn Melaya Kloni. |
| 260 | |c 2010. | ||
| 300 | |a xvi, 142 leaves : |b ill. ; |c 30 cm. | ||
| 502 | |a Dissertation (M.Biotech.) -- Institut Sains Biologi, Fakulti Sains, Universiti Malaya, 2010. | ||
| 504 | |a Bibliography: leaves 95-111. | ||
| 650 | 0 | |a Streptomyces. | |
| 650 | 0 | |a Bacteria |x Biological control. | |
| 710 | 2 | |a Universiti Malaya. |b Institut Sains Biologi. | |
| 856 | 4 | 1 | |u http://studentsrepo.um.edu.my/id/eprint/4290 |
| 900 | |a NAR-ZA | ||
| 596 | |a 1 25 | ||
| 999 | |a TP248.15 UM 2010 KLO |w LC |c 1 |i A514476028 |d 17/3/2011 |f 17/3/2011 |g 1 |l STACKS |m P01UTAMA |r Y |s Y |t TESIS |u 16/3/2011 | ||
| 999 | |a TP248.15 UM 2010 KLO |w LC |c 1 |i A514476059 |l STACKS |m P25UMARCHI |r N |s Y |t CD |u 9/7/2015 |1 STEM |o .STAFF. MST-CD583 | ||
